ბათუმის შოთა რუსთაველის სახელმწიფო უნივერსიტეტის ბიბლიოთეკა

მცენარეთა ფიზიოლოგიის პრაქტიკუმი : (ბიბ.ჩანაწერი № 53046)

000 -ლიდერი
ფიქსირებული სიგრძის საკონტროლო ველი 01299nam a2200253Ia 4500
001 - საკონტროლო ნომერი
საკონტროლო ველი 20083
003 - საკონტროლო ნომრის იდენტიფიკატორი
საკონტროლო ველი GE_BSU
005 - ბოლო ოპერაციის თარიღი და დრო
საკონტროლო ველი 20250423110801.0
008 - ფიქსირებული სიგრძის მონაცემთა ელემენტები - ზოგადი ინფორმაცია
ფიქსირებული სიგრძის საკონტროლო ველი 181216s1975||||ge |||||||||||||| ||geo||
040 ## - კატალოგიზაციის წყარო
Transcribing agency GE_BSU
041 ## - ენის კოდი
Language code of text/sound track or separate title geo
080 ## - უნივერსალური ათობითი კლასიფიკაციის ინდექსი
Universal Decimal Classification number 581.1(076.5)
100 ## - მთავარი ჩანაწერი - პიროვნების სახელი
Personal name კობერიძე, ალ.
9 (RLIN) 24902
245 ## - ცნობა სათაურის შესახებ
Title მცენარეთა ფიზიოლოგიის პრაქტიკუმი :
Remainder of title დამხმ. სახელმძღვ. სას.-სამ. ინ-ტის სტუდენტებისათვის /
Statement of responsibility, etc ალ. კობერიძე, ნ. ბენდიანიშვილი, თ. აბრამიშვილი ; რედ. : ნ. მგელაძე.
264 ## - წარმოების, გამოცემის, დისტრიბუციის და სხვა ცნობები
გამოცემის, წარმოების, დისტრიბუციის... ადგილი თბილისი :
გამოცემის, წარმოების, დისტრიბუციის... სახელწოდება განათლება,
გამოცემის, წარმოების, დისტრიბუციის... თარიღი 1975.
300 ## - ფიზიკური აღწერა
Extent 199გვ. :
Other physical details ილ. ;
Dimensions 21 სმ.
653 ## - INDEX TERM--UNCONTROLLED
Uncontrolled term ბოტანიკა
653 ## - INDEX TERM--UNCONTROLLED
Uncontrolled term მცენარეთა ფიზიოლოგიის პრაქტიკუმი
700 ## - ADDED ENTRY--PERSONAL NAME
Personal name ბენდიანიშვილი, ნ.
Relator term ავტორი
9 (RLIN) 24903
700 ## - ADDED ENTRY--PERSONAL NAME
Personal name აბრამიშვილი, თ.
Relator term ავტორი
9 (RLIN) 24904
700 ## - ADDED ENTRY--PERSONAL NAME
Personal name მგელაძე, ნ.
Relator term რედაქტორი
9 (RLIN) 23803
942 ## - ADDED ENTRY ELEMENTS (KOHA)
Koha item type წიგნი
Source of classification or shelving scheme
ეგზემპლარები
ჩამოწერის სტატუსი დაკარგული ეგზემპლარის სტატუსი კლასიფიკაციის წყარო ან თაროზე გაწყობის სქემა დაზიანების სტატუსი არ გაიცემა მუდმივი მდებარეობა (დაცვის ადგილი) ამჟამინდელი ადგილსამყოფელი თაროზე განთავსების ადგილი შეძენის თარიღი ღირებულება, შესყიდვის ნორმალური ფასი სრული შენახვის შიფრი შტრიხკოდი ბოლო ოპერაციის თარიღი ეგზემპლარის მიმდევრობითი ნომერი (კეტერი?) ფასის ძალაში შესვლის თარიღი ეგზემპლარის სახეობა საჯარო შენიშვნა
          ბათუმის შოთა რუსთაველის სახელმწიფო უნივერსიტეტის მთავარი ბიბლიოთეკა ბათუმის შოთა რუსთაველის სახელმწიფო უნივერსიტეტის მთავარი ბიბლიოთეკა წიგნსაცავი 2018-12-17 5.00 581.1(076.5) 27895 2018-12-17 27895 2018-12-17 წიგნი 5.00 ₾.